Top 15 Best football teams in Spain - Statistics

General Stats
  • This quiz has been taken 622 times
  • The average score is 9 of 15
Answer Stats
Position Answer % Correct
1 Real Madrid
100%
2 Barcelona
98%
3 Atlético Madrid
89%
4 Valencia
88%
6 Sevilla
87%
8 Real Sociedad
67%
5 Athletic Bilbao
60%
11 Deportivo
55%
10 Betis Sevilla
54%
7 Espanyol
50%
12 Celta Vigo
44%
9 Zaragoza
32%
13 Valladolid
20%
14 Racing Santander
12%
15 Sporting Gijon
12%
No matching quizzes found
Score Distribution
Percent of People with Each Score
Percentile by Number Answered
Your Score History
You have not taken this quiz